00998nam a2200265 a 4500001001000000003000500010005001700015008004100032010001100073011001100084040000900095100004100104245016800145260004100313500006000354502010200414650001800516650001600534650001300550650001700563650002600580650003800606650001800644856007000662000111804CHAP20220329144229.0150817s2015 mx a fsm |||||||spa d a108265 a109237 cCHAP1 aRodríguez Barahona, Carmen María10aMicroencapsulación de jugo de noni (Morinda citrifolia) por emulsiones múltiples agua-en-aceite-en-aguah[En línea]cpor Carmen María Rodríguez Barahona. aChapingo, Méx. :bEl autor,c2015. aPara ver el contenido del material haga clic en la liga aTesis (M.C. en Tecnología Agroalimentaria) -- UACH. Departamento de Ingeniería Agroindustrial14aAntioxidantes14aEmulsiones.14aFenoles.14aFlavonoides.14aMicroencapsulación.14aMorinda citrifolia L.xProcesado.14aVitaminas (C) aFinding aiduhttp://10.13.5.2/tesis/sist111804.pdfzTeclea aquí